Úloha ČESMAD Slovakia pri zabezpečovaní prepráv nebezpečných vecí

Podrobná bibliografia
Hlavný autor: Domček, Robert (Autor)
Médium: Článok
Jazyk:slovenčina
ISBN:8085418231
Predmet:

MARC

LEADER 00000nab a2200000 a 4500
001 vtls000567437
003 SK-MaSNL
005 20260303232453.0
008 150501c1994 xo 0 slo
015 |a SNBRA19rr/mm-uuuuu 
035 |a CL0567575 
040 |a SNKBUCL  |b slo  |c SNKBUCL  |e AACR2 
041 0 |a slo 
044 |a xo  |c SK 
080 |a 656.13.073.436  |2 1981 
100 1 |a Domček, Robert  |4 aut  |9 802158 
245 1 0 |a Úloha ČESMAD Slovakia pri zabezpečovaní prepráv nebezpečných vecí  |c Robert Domček 
610 7 |a Medzinárodná únia cestnej dopravy  |2 snkbucl  |9 1268531 
610 7 |a ČESMAD Slovakia  |2 snkbucl  |9 891626 
650 0 7 |a cestná doprava  |2 snkbucl  |9 1776 
650 0 7 |a náklady nebezpečné  |x preprava  |x dohody európske  |2 snkbucl  |9 1268532 
650 0 7 |a Európska dohoda o medzinárodnej cestnej preprave nebezpečných vecí  |2 snkbucl  |9 984548 
655 7 |a články zo zborníkov  |2 snkbucl  |9 166140 
773 0 |t Preprava nebezpečných vecí  |d Žilina : WETTRANS, 1994  |g S. 124-131  |z 8085418231 
850 |a Slovenská národná knižnica v Martine  |a MTA001 
852 |a SNK  |b KIS3GCP 
958 |a RK 
958 |a SK 
992 |a RZB 
999 |c 2272097  |d 2274027